José Antonio, Salamanca y otras cosas... / (Record no. 52535)

MARC details
000 -LEADER
campo de control de longitud fija 00482nam a2200157 i 4500
001 - NÚMERO DE CONTROL
campo de control 52535
003 - IDENTIFICADOR DE NÚMERO DE CONTROL
campo de control ES-MaACL
007 - CAMPO FIJO DE DESCRIPCIÓN FÍSICA--INFORMACIÓN GENERAL
campo de control de longitud fija t|
008 - DATOS DE LONGITUD FIJA--INFORMACIÓN GENERAL
campo de control de longitud fija 030901s1967 sp ||||1| spa d
100 0# - ENTRADA PRINCIPAL--NOMBRE DE PERSONA
Nombre de persona Dávila, Sancho,
Títulos y otros términos asociados al nombre Conde de Villafuente Bermeja
9 (RLIN) 42938
245 10 - MENCIÓN DEL TÍTULO
Título José Antonio, Salamanca y otras cosas... /
Mención de responsabilidad, etc. Sancho Dávila.
260 ## - PUBLICACIÓN, DISTRIBUCIÓN, ETC.
Lugar de publicación, distribución, etc. Madrid :
Nombre del editor, distribuidor, etc. Afrodisio Aguado,
Fecha de publicación, distribución, etc. [1967]
300 ## - DESCRIPCIÓN FÍSICA
Extensión 148 p. ;
Dimensiones 19 cm.
852 ## - LOCALIZACIÓN
Ubicación ES-MaACL
Número de control de estantería E-2533
Sublocalización o colección R.63233
Holdings
Estatus retirado Estado de pérdida Estado de daño No para préstamo Biblioteca de origen Biblioteca actual Ubicación en estantería Fecha de adquisición Fuente de adquisición Total de préstamos Signatura topográfica completa Código de barras Visto por última vez Precio de reemplazo Tipo de ítem Koha
        Biblioteca del Ateneo de Madrid Biblioteca del Ateneo de Madrid Depósito 2 17/01/2008     E-2533 1055217 23/02/2023 23/02/2023 Libro impreso